Измерение концентрации кислорода в воздухе с помощью термомагнитного газоанализатора; Инновационные технологии в машиностроении

Dades bibliogràfiques
Parent link:Инновационные технологии в машиностроении.— 2018.— [С. 63-64]
Autor principal: Николаева А. А.
Autor corporatiu: Санкт-Петербургский Государственный университет аэрокосмического приборостроения (ГУАП)
Altres autors: Тимофеева П. Э.
Sumari:Заглавие с экрана
В статье описывается изучение измерения концентрации кислорода в воздухе с помощью термомагнитного газоанализатора.
Idioma:rus
Publicat: 2018
Col·lecció:Инновационные технологии получения и контроля неразъемных соединений в машиностроении
Matèries:
Accés en línia:http://earchive.tpu.ru/handle/11683/50114
Format: MixedMaterials Electrònic Capítol de llibre
KOHA link:https://koha.lib.tpu.ru/cgi-bin/koha/opac-detail.pl?biblionumber=627198

MARC

LEADER 00000naa2a2200000 4500
001 627198
005 20231101133441.0
035 |a (RuTPU)RU\TPU\conf\26909 
035 |a RU\TPU\conf\26899 
090 |a 627198 
100 |a 20180820d2018 k y0rusy50 ca 
101 0 |a rus 
102 |a RU 
105 |a y z 101zy 
135 |a drgn ---uucaa 
181 0 |a i  
182 0 |a b 
200 1 |a Измерение концентрации кислорода в воздухе с помощью термомагнитного газоанализатора  |f А. А. Николаева, П. Э. Тимофеева 
203 |a Текст  |c электронный 
225 1 |a Инновационные технологии получения и контроля неразъемных соединений в машиностроении 
230 |a 1 компьютерный файл (pdf; 118 Kb) 
300 |a Заглавие с экрана 
320 |a [Библиогр.: с. 64 (4 назв.)] 
330 |a В статье описывается изучение измерения концентрации кислорода в воздухе с помощью термомагнитного газоанализатора. 
463 0 |0 (RuTPU)RU\TPU\conf\26327  |t Инновационные технологии в машиностроении  |o сборник трудов IX Международной научно-практической конференции, 24–26 мая 2018 г., Юрга  |f Национальный исследовательский Томский политехнический университет (ТПУ), Юргинский технологический институт (ЮТИ) ; под ред. Д. А. Чинахова  |v [С. 63-64]  |d 2018 
610 1 |a электронный ресурс 
610 1 |a концентрация 
610 1 |a кислород 
610 1 |a воздух 
610 1 |a термомагнитные газоанализаторы 
610 1 |a утечки 
610 1 |a загазованность 
700 1 |a Николаева  |b А. А. 
701 1 |a Тимофеева  |b П. Э. 
712 0 2 |a Санкт-Петербургский Государственный университет аэрокосмического приборостроения (ГУАП)  |2 stltpush  |3 (RuTPU)RU\TPU\col\963 
801 2 |a RU  |b 63413507  |c 20180824  |g RCR 
856 4 |u http://earchive.tpu.ru/handle/11683/50114 
942 |c BK